00466nam a22001457a 450000500170000000800410001702000220005804100120008008200290009210000190012124501190014026000410025930000090030036500110030920240529110207.0240528b |||||||| |||| 00| 0 eng d a978-93-93885-50-0 aEnglish 21staAD 174.2 HAB DB1242 aHabeeb Jeelani aTextbook of Professionalism Professional Values & Ethics Including Bioethics for BSc Nursing Students Semester- IV bEMMESS Medical Pub.aBangalorec2023 a164p b250.00